000 00499nam a22001817a 4500
005 20251108164806.0
008 250721s1971 xx 000 0 ara d
082 1 4 _a811.9563/ن
100 1 _aالملائكة، نازك
245 1 0 _aديوان نازك الملائكة /
264 1 _aبيروت :
_bدار العودة،
_c1971.
300 _a
650 1 7 _aالشعر العربي
650 1 7 _aالعصر الحديث
650 1 7 _aالعراق
942 _2ddc
_cBK
999 _c14468
_d14468